000 00926cam a2200217 4500
001 WB3727-28
008 000000n2001 000 0 eng u
035 _a(Sirsi) u113558
245 _aReview of use of public funds in urban areas
260 _c2001
490 _aUrban Environment Today
_v(125) 5 July 2001, 1(1)
520 _aImproving the quality of urban life will be a new priority for all government departments. Improving public space, and looking at the way public funds are used in urban areas, has been singled out as one of seven specific reviews to be carried out by a number of government departments, in preparation for the next Comprehenive Spending Review, due to be concluded in July 2002.
590 _aWB
650 _aPUBLIC SPACE
650 _aURBAN AREAS
650 _aQUALITY OF LIFE
650 _aGOVERNMENT REVIEW
650 _aSPENDING REVIEW
690 _aREGENERATION
942 _n0
999 _c67650
_d67650